Creating a vision for your school (Record no. 129658)
[ view plain ]
| 000 -LEADER | |
|---|---|
| fixed length control field | 01390nam a2200361Ia 4500 |
| 082 04 - DEWEY DECIMAL CLASSIFICATION NUMBER | |
| Classification number | 371.2/070941 |
| 100 1# - MAIN ENTRY--AUTHOR NAME | |
| Personal name | Bainbridge, Sarah. |
| 245 10 - TITLE STATEMENT | |
| Title | Creating a vision for your school |
| 260 ## - PUBLICATION, DISTRIBUTION, ETC. (IMPRINT) | |
| Place of publication | Thousand Oaks, CA : |
| Name of publisher | PCP/SAGE Publications, |
| Year of publication | 2007. |
| 300 ## - PHYSICAL DESCRIPTION | |
| Number of Pages | vii, 62 p. : |
| Other physical details | ill. |
| 500 ## - GENERAL NOTE | |
| General note | "Moving from purpose to practice"--Added t.p. |
| General note | "A Lucky Duck book"--Added t.p. |
| 650 #0 - SUBJECT ADDED ENTRY--TOPICAL TERM | |
| Topical Term | School improvement programs |
| Topical Term | School management and organization. |
| 856 40 - ELECTRONIC LOCATION AND ACCESS | |
| Uniform Resource Identifier | http://site.ebrary.com/lib/rucke/Doc?id=10218209 |
No items available.
